[Event "9th Vidmar Memorial"]
[Site "Bled/Rogaska Slatina YUG"]
[Date "1991.06.??"]
[Round "1"]
[White "Gostisa, Leon"]
[Black "Kozul, Zdenko"]
[Result "1/2-1/2"]
[WhiteElo "2440"]
[BlackElo "2580"]
[EventDate "1991.06.05"]
[PlyCount "115"]

1.Nf3 Nf6 2.d4 g6 3.Bg5 Bg7 4.Nbd2 d5 5.e3 O-O 6.Be2 c5 7.c3 Ne4 8.Bh4 Nc6
9.O-O Nxd2 10.Qxd2 Qb6 11.Rad1 e6 12.Rfe1 a5 13.a4 cxd4 14.exd4 Bd7 15.Bd3
Rfc8 16.Bg5 Nd8 17.Ra1 f6 18.Bf4 Nf7 19.h4 Re8 20.Bc2 Rac8 21.Rab1 Qa6 22.
Bd3 Qa8 23.Bc2 Qa6 24.Bd3 Qb6 25.Bc2 Nd6 26.h5 Ne4 27.Bxe4 dxe4 28.Rxe4 g5
29.Bh2 Bc6 30.Re2 Bxa4 31.Qe3 h6 32.Nd2 Bb5 33.Ree1 a4 34.b3 axb3 35.Rxb3 
Qc6 36.Reb1 Ba6 37.Qf3 Qxf3 38.Nxf3 Red8 39.g4 Rd7 40.Nd2 Rdd8 41.R1b2 f5 
42.Kg2 fxg4 43.Ra3 Rc6 44.Kg1 Rd5 45.Nf1 Bf8 46.Rab3 Ra5 47.Ne3 Ra1+ 48.
Kg2 Ba3 49.Rxb7 Bxb2 50.Rxb2 Rxc3 51.Be5 Rcc1 52.Nxg4 Rg1+ 53.Kf3 Ra3+ 54.
Ne3 Bc4 55.Rb8+ Kf7 56.Rb7+ Ke8 57.Rb8+ Kd7 58.Rb7+ 1/2-1/2

[Event "9th Vidmar Memorial"]
[Site "Bled/Rogaska Slatina YUG"]
[Date "1991.06.??"]
[Round "1"]
[White "Hulak, Krunoslav"]
[Black "Kotronias, Vasilios"]
[Result "1/2-1/2"]
[WhiteElo "2520"]
[BlackElo "2520"]
[EventDate "1991.06.05"]
[PlyCount "33"]

1.d4 d5 2.c4 e6 3.Nc3 Be7 4.Nf3 Nf6 5.Bg5 h6 6.Bh4 O-O 7.e3 b6 8.cxd5 Nxd5
9.Bxe7 Qxe7 10.Nxd5 exd5 11.Rc1 Be6 12.Be2 c5 13.O-O Rc8 14.Ne5 Nd7 15.Nd3
cxd4 16.exd4 Qf6 17.Rxc8+ 1/2-1/2

[Event "9th Vidmar Memorial"]
[Site "Bled/Rogaska Slatina YUG"]
[Date "1991.06.??"]
[Round "1"]
[White "Sokolov, Ivan"]
[Black "Djuric, Stefan"]
[Result "1-0"]
[WhiteElo "2570"]
[BlackElo "2540"]
[EventDate "1991.06.05"]
[PlyCount "68"]

1.d4 Nf6 2.c4 e6 3.Nc3 Bb4 4.a3 Bxc3+ 5.bxc3 O-O 6.f3 d5 7.cxd5 exd5 8.e3 
Bf5 9.Ne2 a5 10.g4 Nxg4 11.fxg4 Qh4+ 12.Kd2 Be4 13.Rg1 Qxh2 14.Qe1 Ra6 15.
Qg3 Qh6 16.Qxc7 Rd6 17.g5 Qh2 18.Rg3 Rfd8 19.a4 Na6 20.Qe7 R6d7 21.Qe5 Nc7
22.Bh3 Re8 23.Qf4 Ne6 24.Qf1 Rc7 25.Qg1 Qxg1 26.Rxg1 Bf3 27.Bf1 h6 28.gxh6
g5 29.Bh3 Kh7 30.Bxe6 Rxe6 31.Rxg5 Rxh6 32.Rf5 Be4 33.Rf2 Rh1 34.Ng3 Rh3 
1-0

[Event "9th Vidmar Memorial"]
[Site "Bled/Rogaska Slatina YUG"]
[Date "1991.06.??"]
[Round "1"]
[White "Vaganian, Rafael"]
[Black "Grosar, Aljosa"]
[Result "1-0"]
[WhiteElo "2585"]
[BlackElo "2370"]
[EventDate "1991.06.05"]
[PlyCount "71"]

1.d4 Nf6 2.c4 e6 3.g3 Bb4+ 4.Bd2 c5 5.Bg2 Bxd2+ 6.Qxd2 cxd4 7.Nf3 d5 8.
cxd5 Qxd5 9.O-O O-O 10.Nxd4 Qh5 11.Rc1 Nbd7 12.Na3 Nb6 13.Ndc2 e5 14.Ne3 
Ng4 15.Nxg4 Bxg4 16.Bxb7 Rab8 17.Ba6 Rbd8 18.Qe1 Rd6 19.f3 Bh3 20.Bd3 f5 
21.Nc4 Nxc4 22.Bxc4+ Kh8 23.Rd1 Rdf6 24.Qa5 f4 25.Rd8 fxg3 26.hxg3 Qg5 27.
Rxf8+ Rxf8 28.Kf2 h6 29.Rh1 Bg4 30.Rh4 Bf5 31.Qxe5 Qc1 32.b3 Bg6 33.Rg4 
Re8 34.Qd4 Kh7 35.Bd3 Re6 36.Rxg6 {Ftacnik,L} 1-0

[Event "9th Vidmar Memorial"]
[Site "Bled/Rogaska Slatina YUG"]
[Date "1991.06.??"]
[Round "2"]
[White "Damljanovic, Branko"]
[Black "Hansen, Lars Bo"]
[Result "1/2-1/2"]
[WhiteElo "2560"]
[BlackElo "2525"]
[EventDate "1991.06.05"]
[PlyCount "100"]

1.Nf3 c5 2.c4 Nf6 3.g3 b6 4.Bg2 Bb7 5.O-O Nc6 6.b3 g6 7.Bb2 Bg7 8.Nc3 O-O 
9.d4 cxd4 10.Nxd4 Qb8 11.Nc2 Rd8 12.e4 a6 13.Nd5 Nxd5 14.Bxg7 Ne3 15.Nxe3 
Kxg7 16.Qd2 b5 17.Rac1 f6 18.h4 Ne5 19.f4 Nf7 20.c5 Qa7 21.e5 f5 22.Bxb7 
Qxb7 23.Nd5 e6 24.Nf6 h5 25.Rfd1 Rac8 26.b4 Qa7 27.Kh2 a5 28.a3 Rc6 29.Kh3
axb4 30.axb4 Ra6 31.Qd4 Ra2 32.Ra1 Ra8 33.Rxa2 Qxa2 34.Qg1 Ra7 35.Qg2 
Qxg2+ 36.Kxg2 Nd8 37.Rd6 Nc6 38.Nxd7 Nxb4 39.Nf6 Ra2+ 40.Kf1 Rc2 41.Rxe6 
Kf7 42.Rb6 Rxc5 43.Nh7 Nd5 44.Rb7+ Ke8 45.Ng5 b4 46.Ne6 Rc2 47.Nd4 Ne3+ 
48.Kg1 Rg2+ 49.Kh1 Rf2 50.e6 Rf1+ 1/2-1/2

[Event "9th Vidmar Memorial"]
[Site "Bled/Rogaska Slatina YUG"]
[Date "1991.06.??"]
[Round "2"]
[White "Djuric, Stefan"]
[Black "Mohr, Georg"]
[Result "1-0"]
[WhiteElo "2540"]
[BlackElo "2465"]
[EventDate "1991.06.05"]
[PlyCount "81"]

1.Nf3 Nf6 2.c4 g6 3.Nc3 Bg7 4.e4 d6 5.d4 O-O 6.Be2 Bg4 7.Be3 Nfd7 8.Rc1 c5
9.d5 Na6 10.O-O Nc7 11.a3 a6 12.b4 b6 13.h3 Bxf3 14.Bxf3 Qb8 15.Bg4 f5 16.
exf5 gxf5 17.Bf3 Ne5 18.Bg5 Bf6 19.Bh6 Bg7 20.Bxg7 Kxg7 21.Na4 b5 22.Nb2 
cxb4 23.axb4 a5 24.c5 axb4 25.Nd3 Ra3 26.Nxe5 dxe5 27.Qd2 e4 28.Be2 Rd8 
29.Qg5+ Kh8 30.d6 exd6 31.Qf6+ Kg8 32.cxd6 Ne8 33.Qe6+ Kh8 34.Qe5+ Kg8 35.
Qd5+ Kh8 36.Qxf5 Nxd6 37.Qf6+ Kg8 38.Bg4 Ra7 39.Be6+ Nf7 40.Rc5 h6 41.Qxh6
1-0

[Event "9th Vidmar Memorial"]
[Site "Bled/Rogaska Slatina YUG"]
[Date "1991.06.??"]
[Round "2"]
[White "Grosar, Aljosa"]
[Black "Hulak, Krunoslav"]
[Result "1/2-1/2"]
[WhiteElo "2370"]
[BlackElo "2520"]
[EventDate "1991.06.05"]
[PlyCount "49"]

1.e4 c5 2.Nf3 e6 3.d4 cxd4 4.Nxd4 a6 5.Nc3 b5 6.Bd3 Bb7 7.O-O Ne7 8.Be3 
Nbc6 9.Nxc6 Nxc6 10.f4 Be7 11.Qh5 g6 12.Qh6 Rc8 13.Rae1 Bf8 14.Qh3 Bg7 15.
e5 Nb4 16.Be4 Bxe4 17.Nxe4 O-O 18.c3 Nc2 19.Rd1 Rc4 20.Nd6 Nxe3 21.Qxe3 
Rc6 22.Ne4 f6 23.exf6 Bxf6 24.Qa7 d5 25.Nxf6+ 1/2-1/2

[Event "9th Vidmar Memorial"]
[Site "Bled/Rogaska Slatina YUG"]
[Date "1991.06.??"]
[Round "2"]
[White "Kotronias, Vasilios"]
[Black "Gostisa, Leon"]
[Result "1/2-1/2"]
[WhiteElo "2520"]
[BlackElo "2440"]
[EventDate "1991.06.05"]
[PlyCount "77"]

1.e4 c5 2.Nf3 Nc6 3.d4 cxd4 4.Nxd4 e5 5.Nb5 d6 6.N1c3 a6 7.Na3 b5 8.Nd5 
Be7 9.c4 b4 10.Nc2 Rb8 11.a3 bxa3 12.Rxa3 Nf6 13.Bd3 O-O 14.O-O a5 15.b3 
Be6 16.Nce3 Nd7 17.Nxe7+ Nxe7 18.Bd2 Nc6 19.Nd5 Nc5 20.Bc3 Rb7 21.Bc2 Nb4 
22.Qd2 Qb8 23.Rb1 f5 24.Rxa5 Nxc2 25.Qxc2 fxe4 26.Bxe5 Rxb3 27.Rxb3 Qxb3 
28.Qxb3 Nxb3 29.Rb5 Bxd5 30.cxd5 dxe5 31.Rxb3 Rc8 32.Kf1 Rc2 33.Ke1 Kf7 
34.Rb7+ Kf6 35.Rb6+ Kf5 36.d6 Ke6 37.d7+ Kxd7 38.Rb7+ Rc7 39.Rb4 1/2-1/2

[Event "9th Vidmar Memorial"]
[Site "Bled/Rogaska Slatina YUG"]
[Date "1991.06.??"]
[Round "2"]
[White "Kozul, Zdenko"]
[Black "Sokolov, Ivan"]
[Result "1/2-1/2"]
[WhiteElo "2580"]
[BlackElo "2570"]
[EventDate "1991.06.05"]
[PlyCount "29"]

1.d4 Nf6 2.c4 e6 3.Nc3 d5 4.cxd5 exd5 5.Bg5 Nbd7 6.e3 Be7 7.Bd3 O-O 8.Nf3 
Re8 9.Qc2 Nf8 10.h3 a6 11.O-O c6 12.Bf4 Ng6 13.Bh2 Bd6 14.Bxd6 Qxd6 15.
Rab1 1/2-1/2

[Event "9th Vidmar Memorial"]
[Site "Bled/Rogaska Slatina YUG"]
[Date "1991.06.??"]
[Round "3"]
[White "Gostisa, Leon"]
[Black "Grosar, Aljosa"]
[Result "1-0"]
[WhiteElo "2440"]
[BlackElo "2370"]
[EventDate "1991.06.05"]
[PlyCount "103"]

1.d4 Nf6 2.Nf3 e6 3.c4 Bb4+ 4.Bd2 c5 5.Bxb4 cxb4 6.a3 bxa3 7.Nxa3 O-O 8.g3
Nc6 9.Bg2 Qa5+ 10.Qd2 Qxd2+ 11.Kxd2 d5 12.Rhd1 Rd8 13.Ke1 b6 14.Ne5 Nb4 
15.Rdc1 Bb7 16.Nc2 Nxc2+ 17.Rxc2 Ne4 18.cxd5 Bxd5 19.Nc6 Bxc6 20.Rxc6 Rxd4
21.Bxe4 Rxe4 22.Rxa7 Rd8 23.Rxb6 g5 24.f3 Re5 25.Rbb7 Rf5 26.b4 Rd4 27.Ra2
h5 28.Rb2 g4 29.f4 h4 30.e3 Rc4 31.gxh4 Rh5 32.b5 Rxh4 33.b6 g3 34.hxg3 
Rh1+ 35.Kd2 Rcc1 36.Kd3 Rhd1+ 37.Ke4 Rb1 38.Rxb1 Rxb1 39.g4 Kg7 40.g5 Rb3 
41.Rb8 Kg6 42.b7 Kg7 43.Kd4 Rb1 44.Kc5 Rc1+ 45.Kd6 Rd1+ 46.Ke7 Rb1 47.g6 
fxg6 48.Kxe6 Rb6+ 49.Kd5 Rb1 50.e4 Rb2 51.e5 Rb1 52.Kd6 1-0

[Event "9th Vidmar Memorial"]
[Site "Bled/Rogaska Slatina YUG"]
[Date "1991.06.??"]
[Round "3"]
[White "Hansen, Lars Bo"]
[Black "Djuric, Stefan"]
[Result "1-0"]
[WhiteElo "2525"]
[BlackElo "2540"]
[EventDate "1991.06.05"]
[PlyCount "45"]

1.c4 g6 2.d4 Nf6 3.Nc3 d5 4.cxd5 Nxd5 5.e4 Nxc3 6.bxc3 c5 7.Be3 cxd4 8.
cxd4 e5 9.Bb5+ Nc6 10.Qa4 Bd7 11.d5 Nb4 12.Nf3 f6 13.Rb1 a6 14.Bxd7+ Qxd7 
15.Qxd7+ Kxd7 16.Kd2 Nxa2 17.Rxb7+ Kc8 18.Rb6 a5 19.Ra1 Nb4 20.Rxf6 Be7 
21.Rb6 Ra6 22.Rc1+ Kd7 23.Nxe5+ {Ftacnik,L} 1-0

[Event "9th Vidmar Memorial"]
[Site "Bled/Rogaska Slatina YUG"]
[Date "1991.06.??"]
[Round "3"]
[White "Hulak, Krunoslav"]
[Black "Bareev, Evgeny"]
[Result "1-0"]
[WhiteElo "2520"]
[BlackElo "2650"]
[EventDate "1991.06.05"]
[PlyCount "79"]

1.d4 d5 2.c4 c6 3.Nf3 Nf6 4.Nc3 dxc4 5.a4 Bf5 6.e3 e6 7.Bxc4 Bb4 8.O-O 
Nbd7 9.Qb3 a5 10.Nh4 Bg6 11.f3 Nd5 12.g3 N5b6 13.Be2 O-O 14.Rd1 Qe7 15.e4 
Bh5 16.Ng2 f6 17.Be3 Bf7 18.e5 fxe5 19.dxe5 Nd5 20.f4 g5 21.Nxd5 cxd5 22.
h4 gxf4 23.Bxf4 Bg6 24.Kh2 Be4 25.Rf1 Qg7 26.Qe3 Rf5 27.Rac1 Nxe5 28.Qb6 
Nc6 29.Ne3 Rff8 30.Rxc6 bxc6 31.Qxc6 Rae8 32.Ng4 Qxb2 33.Rf2 h5 34.Bd3 Qc3
35.Nh6+ Kh8 36.Bxe4 dxe4 37.Qxe4 e5 38.Be3 Rxf2+ 39.Bxf2 Rf8 40.Kg2 1-0

[Event "9th Vidmar Memorial"]
[Site "Bled/Rogaska Slatina YUG"]
[Date "1991.06.??"]
[Round "3"]
[White "Mohr, Georg"]
[Black "Kozul, Zdenko"]
[Result "1/2-1/2"]
[WhiteElo "2465"]
[BlackElo "2580"]
[EventDate "1991.06.05"]
[PlyCount "70"]

1.c4 Nf6 2.Nf3 g6 3.Nc3 d5 4.cxd5 Nxd5 5.Qa4+ c6 6.Nxd5 Qxd5 7.e4 Qd8 8.d4
Bg7 9.Be2 O-O 10.O-O Bg4 11.Be3 Nd7 12.Rfd1 Nb6 13.Qb4 Qd6 14.Qb3 Kh8 15.
a4 f5 16.d5 cxd5 17.exd5 Nd7 18.h3 Bxf3 19.Bxf3 b6 20.Rac1 Nc5 21.Qc4 Bxb2
22.Rc2 Be5 23.Bxc5 bxc5 24.Qxc5 Qf6 25.Qe3 Bd6 26.a5 Rfb8 27.a6 Rb6 28.Rc6
Rb2 29.Rdc1 Kg7 30.Rf1 Ra2 31.Rd1 Ra3 32.Qxa3 Bxa3 33.Rxf6 Kxf6 34.d6 Rd8 
35.dxe7 Rxd1+ 1/2-1/2

[Event "9th Vidmar Memorial"]
[Site "Bled/Rogaska Slatina YUG"]
[Date "1991.06.??"]
[Round "4"]
[White "Grosar, Aljosa"]
[Black "Sokolov, Ivan"]
[Result "0-1"]
[WhiteElo "2370"]
[BlackElo "2570"]
[EventDate "1991.06.05"]
[PlyCount "59"]

1.e4 e5 2.Nf3 Nc6 3.Bc4 Nf6 4.d3 Be7 5.O-O O-O 6.Re1 d6 7.a4 Kh8 8.c3 Bg4 
9.h3 Bh5 10.Nbd2 d5 11.exd5 Nxd5 12.Nf1 f5 13.Ng3 Bg6 14.Nxe5 Nxe5 15.Rxe5
Nb6 16.Qf3 f4 17.Nf1 Bd6 18.Re1 Be8 19.a5 Bc6 20.Qh5 Nxc4 21.dxc4 Qd7 22.
c5 Rf5 23.Qg4 h5 24.Qh4 Bxc5 25.Bxf4 Qd5 26.Qg3 Rxf4 27.Ne3 Qf7 28.b4 Bd6 
29.Rad1 Rf8 30.Rd2 0-1

[Event "9th Vidmar Memorial"]
[Site "Bled/Rogaska Slatina YUG"]
[Date "1991.06.??"]
[Round "4"]
[White "Kotronias, Vasilios"]
[Black "Mohr, Georg"]
[Result "1/2-1/2"]
[WhiteElo "2520"]
[BlackElo "2465"]
[EventDate "1991.06.05"]
[PlyCount "99"]

1.e4 c5 2.Nf3 Nc6 3.d4 cxd4 4.Nxd4 g6 5.Nc3 Bg7 6.Nb3 Nf6 7.Be2 O-O 8.O-O 
d6 9.Bg5 Be6 10.Kh1 h6 11.Bh4 g5 12.Bg3 d5 13.Nc5 dxe4 14.Nxe6 fxe6 15.Bc4
Qc8 16.Qe1 Nd4 17.Bb3 Nxb3 18.axb3 Qc5 19.Qe2 Qf5 20.Ra4 a6 21.Nxe4 b5 22.
Rd4 e5 23.Nxf6+ exf6 24.Rd6 Rfd8 25.Rfd1 Rxd6 26.Rxd6 Rc8 27.c3 Bf8 28.Rd1
Qe6 29.Qe4 Re8 30.Qg6+ Bg7 31.f3 f5 32.Qxe6+ Rxe6 33.Rd5 f4 34.Bf2 e4 35.
Kg1 b4 36.fxe4 bxc3 37.bxc3 Bxc3 38.Rc5 Rd6 39.h4 Bf6 40.hxg5 hxg5 41.e5 
Rd1+ 42.Kh2 Be7 43.Rc7 Kf8 44.Kh3 Rd5 45.e6 Rd2 46.Bb6 Rd6 47.Bc5 Rd3+ 48.
Kg4 Bxc5 49.Rxc5 Rxb3 50.Kxg5 1/2-1/2

[Event "9th Vidmar Memorial"]
[Site "Bled/Rogaska Slatina YUG"]
[Date "1991.06.??"]
[Round "4"]
[White "Kozul, Zdenko"]
[Black "Hansen, Lars Bo"]
[Result "0-1"]
[WhiteElo "2580"]
[BlackElo "2525"]
[EventDate "1991.06.05"]
[PlyCount "122"]

1.d4 e6 2.c4 f5 3.g3 Nf6 4.Bg2 c6 5.Nf3 d5 6.O-O Bd6 7.Nbd2 Nbd7 8.Qc2 O-O
9.Nb3 Ne4 10.Ne1 Qe7 11.Nd3 b6 12.Be3 Ba6 13.c5 Bb8 14.cxb6 axb6 15.Qxc6 
Bxg3 16.Qc2 Bd6 17.f4 Rac8 18.Qd1 Qh4 19.Ne5 Ndf6 20.Nd2 Ng4 21.Nxg4 Qxg4 
22.Rf3 Rc7 23.Kh1 Rfc8 24.Bf1 Rc2 25.Nxe4 dxe4 26.Rf2 Bb7 27.a4 Bd5 28.a5 
bxa5 29.Rxa5 Rxb2 30.Qa4 Bf8 31.Rg2 Qh5 32.Ra7 Qe8 33.Qa1 Rcb8 34.Kg1 R2b7
35.Ra5 Rb5 36.Ra7 R5b7 37.Ra5 Rb3 38.Qc1 Rc8 39.Rc5 Bxc5 40.dxc5 Rxe3 41.
Qxe3 Qe7 42.Qd4 Rxc5 43.e3 h6 44.h3 Rc1 45.Qb2 Qc7 46.Rg3 Kh7 47.h4 Qc3 
48.Qxc3 Rxc3 49.Kf2 Bc4 50.Bxc4 Rxc4 51.h5 Rc2+ 52.Kg1 Kg8 53.Kh1 Kf7 54.
Kg1 Ra2 55.Kh1 Rf2 56.Kg1 Rf3 57.Rxf3 exf3 58.Kf2 g5 59.hxg6+ Kxg6 60.Kxf3
Kf6 61.Kg3 Ke7 0-1

[Event "9th Vidmar Memorial"]
[Site "Bled/Rogaska Slatina YUG"]
[Date "1991.06.??"]
[Round "5"]
[White "Djuric, Stefan"]
[Black "Kozul, Zdenko"]
[Result "0-1"]
[WhiteElo "2540"]
[BlackElo "2580"]
[EventDate "1991.06.05"]
[PlyCount "86"]

1.c4 Nf6 2.d4 g6 3.g3 Bg7 4.Bg2 O-O 5.Nc3 d6 6.Nf3 c6 7.O-O Qa5 8.e4 Bg4 
9.h3 Bxf3 10.Qxf3 Nfd7 11.Rd1 c5 12.d5 Nb6 13.Bf1 N8d7 14.Nb5 Ne5 15.Qb3 
Qb4 16.Na3 Qxb3 17.axb3 Nf3+ 18.Kg2 Nd4 19.Rd3 Nd7 20.f4 a6 21.Be3 Rae8 
22.g4 e5 23.f5 Nf6 24.g5 Nxe4 25.f6 Nxf6 26.gxf6 Bxf6 27.b4 e4 28.Rdd1 Nf5
29.Nc2 cxb4 30.Kf2 Nxe3 31.Kxe3 Bd8 32.Nxb4 f5 33.Nc2 f4+ 34.Kd2 Bg5 35.
Nd4 f3+ 36.Kc2 Bh4 37.Ne6 e3 38.Rd4 g5 39.Nxf8 Kxf8 40.Bd3 e2 41.Rxh4 f2 
42.Rxh7 e1=Q 43.Rd1 Re2+ 0-1

[Event "9th Vidmar Memorial"]
[Site "Bled/Rogaska Slatina YUG"]
[Date "1991.06.??"]
[Round "5"]
[White "Hansen, Lars Bo"]
[Black "Kotronias, Vasilios"]
[Result "0-1"]
[WhiteElo "2525"]
[BlackElo "2520"]
[EventDate "1991.06.05"]
[PlyCount "66"]

1.d4 Nf6 2.Nf3 g6 3.c4 Bg7 4.Nc3 O-O 5.e4 d6 6.Be2 e5 7.O-O Nc6 8.d5 Ne7 
9.Kh1 Kh8 10.a4 a5 11.Ra3 Nfg8 12.Ne1 f5 13.Nd3 Nf6 14.f3 c5 15.dxc6 Nxc6 
16.exf5 gxf5 17.Bg5 Be6 18.Ne1 Rf7 19.Nc2 Qf8 20.Nb5 Rd7 21.Ne3 Nb4 22.Nc3
Qf7 23.f4 Rg8 24.Qb1 exf4 25.Bxf4 Qg6 26.Bf3 Nh5 27.Bxh5 Qxh5 28.Rf3 Be5 
29.Ne2 Rdg7 30.Bxe5 dxe5 31.g4 Rxg4 32.Nxf5 Rg2 33.Rh3 Bxf5 0-1

[Event "9th Vidmar Memorial"]
[Site "Bled/Rogaska Slatina YUG"]
[Date "1991.06.??"]
[Round "5"]
[White "Mohr, Georg"]
[Black "Grosar, Aljosa"]
[Result "1-0"]
[WhiteElo "2465"]
[BlackElo "2370"]
[EventDate "1991.06.05"]
[PlyCount "159"]

1.Nf3 Nf6 2.c4 c5 3.g3 d5 4.cxd5 Nxd5 5.Bg2 Nc6 6.Nc3 g6 7.O-O Bg7 8.Nxd5 
Qxd5 9.d3 O-O 10.Be3 Bd7 11.Nd4 Qd6 12.Nxc6 Bxc6 13.Bxc6 Qxc6 14.Rc1 Qe6 
15.b3 b6 16.Rc4 Rfd8 17.Re4 Qf6 18.Qc1 Rd7 19.b4 cxb4 20.Rxb4 Qe6 21.Qc2 
Rad8 22.Re4 Qf5 23.Rc1 Bf6 24.Kg2 Rd5 25.Rc4 Qe6 26.Rc6 R5d6 27.Rxd6 Rxd6 
28.Qc7 h5 29.Qxa7 h4 30.Qa8+ Kh7 31.Kg1 Rd5 32.Qc6 Rd6 33.Qc4 Qxc4 34.Rxc4
b5 35.Rc2 Re6 36.Kg2 Ra6 37.Bd2 hxg3 38.hxg3 Ra4 39.Kf3 Kg7 40.Be3 Bd4 41.
Bd2 e6 42.Bf4 b4 43.Bd6 Kf6 44.Bf4 Bc3 45.Bd2 Bxd2 46.Rxd2 g5 47.Ke3 Ke5 
48.Rc2 Ra3 49.Rb2 f5 50.f4+ gxf4+ 51.gxf4+ Kd5 52.Rxb4 Rxa2 53.Rd4+ Kc5 
54.Rd8 Ra4 55.Kf3 Kc6 56.Ke3 Kc5 57.d4+ Kc6 58.d5+ exd5 59.Rf8 Re4+ 60.Kf3
Kd6 61.Rxf5 Ke6 62.Rh5 Rd4 63.Re5+ Kf6 64.e3 Rd2 65.Rg5 Ke6 66.Rg6+ Kf7 
67.Ra6 Ke7 68.f5 Rh2 69.Re6+ Kf7 70.Rd6 Rd2 71.Kf4 Rf2+ 72.Ke5 Rf3 73.Rd7+
Kg8 74.Kf6 Rxe3 75.Rd8+ Kh7 76.Kf7 Ra3 77.f6 Ra7+ 78.Ke6 Ra6+ 79.Kf5 Ra7 
80.Re8 1-0

[Event "9th Vidmar Memorial"]
[Site "Bled/Rogaska Slatina YUG"]
[Date "1991.06.??"]
[Round "6"]
[White "Damljanovic, Branko"]
[Black "Kozul, Zdenko"]
[Result "1/2-1/2"]
[WhiteElo "2560"]
[BlackElo "2580"]
[EventDate "1991.06.05"]
[PlyCount "43"]

1.Nf3 Nf6 2.c4 g6 3.Nc3 d5 4.cxd5 Nxd5 5.g3 Bg7 6.Bg2 O-O 7.O-O Nc6 8.d4 
Nb6 9.e3 Re8 10.d5 Na5 11.Nd4 Bd7 12.b3 c6 13.dxc6 Nxc6 14.Nxc6 Bxc6 15.
Bxc6 bxc6 16.Bb2 c5 17.Qe2 c4 18.bxc4 Qc8 19.Nd5 Bxb2 20.Qxb2 Qxc4 21.Nxb6
axb6 22.Qxb6 1/2-1/2

[Event "9th Vidmar Memorial"]
[Site "Bled/Rogaska Slatina YUG"]
[Date "1991.06.??"]
[Round "6"]
[White "Grosar, Aljosa"]
[Black "Hansen, Lars Bo"]
[Result "1/2-1/2"]
[WhiteElo "2370"]
[BlackElo "2525"]
[EventDate "1991.06.05"]
[PlyCount "62"]

1.e4 e6 2.d4 d5 3.e5 c5 4.c3 Nc6 5.Nf3 Bd7 6.a3 Nge7 7.b4 cxd4 8.cxd4 Nf5 
9.Bb2 b5 10.Nc3 a6 11.Bd3 g6 12.O-O h5 13.Ne2 Be7 14.Bc3 Qb6 15.Nf4 Ng7 
16.h4 a5 17.Qe2 axb4 18.axb4 Rb8 19.Rfb1 O-O 20.Bc2 Qd8 21.g3 Rc8 22.Ra3 
Na5 23.Nd3 Nc4 24.Ra7 Rc7 25.Rba1 Qb8 26.Nc5 Bc6 27.Rxc7 Qxc7 28.Bd2 Ra8 
29.Qd1 Qb8 30.Bc3 Rxa1 31.Qxa1 Qa8 1/2-1/2

[Event "9th Vidmar Memorial"]
[Site "Bled/Rogaska Slatina YUG"]
[Date "1991.06.??"]
[Round "7"]
[White "Hansen, Lars Bo"]
[Black "Bareev, Evgeny"]
[Result "1/2-1/2"]
[WhiteElo "2525"]
[BlackElo "2650"]
[EventDate "1991.06.05"]
[PlyCount "82"]

1.d4 Nf6 2.c4 e6 3.Nf3 b6 4.g3 Ba6 5.b3 Bb4+ 6.Bd2 Be7 7.Bg2 c6 8.Bc3 d5 
9.Ne5 Ne4 10.cxd5 cxd5 11.O-O O-O 12.Bb2 Qc7 13.f3 Nf6 14.Qd2 Nfd7 15.Rc1 
Qb7 16.Nxd7 Qxd7 17.Ba3 Nc6 18.Bxe7 Nxe7 19.Nc3 Rac8 20.Rc2 Rc6 21.Rac1 
Rfc8 22.Nd1 f6 23.Bh3 Qd6 24.Ne3 h5 25.Kf2 g6 26.Rxc6 Rxc6 27.Rxc6 Nxc6 
28.Nc2 Kg7 29.Bf1 e5 30.Bh3 e4 31.f4 Ne7 32.Qc3 g5 33.Qb4 Qc7 34.fxg5 fxg5
35.Ne3 Kg6 36.Qa4 g4 37.Qe8+ Kg7 38.Qxe7+ Qxe7 39.Nf5+ Kf6 40.Nxe7 Kxe7 
41.Bf1 Kd6 1/2-1/2

[Event "9th Vidmar Memorial"]
[Site "Bled/Rogaska Slatina YUG"]
[Date "1991.06.??"]
[Round "7"]
[White "Hulak, Krunoslav"]
[Black "Damljanovic, Branko"]
[Result "1/2-1/2"]
[WhiteElo "2520"]
[BlackElo "2560"]
[EventDate "1991.06.05"]
[PlyCount "31"]

1.g3 d5 2.Bg2 c6 3.d3 Nf6 4.Nf3 Bg4 5.O-O Nbd7 6.Nbd2 e5 7.e4 dxe4 8.dxe4 
Bc5 9.Qe2 O-O 10.a4 Re8 11.Nb3 Bf8 12.h3 Bxf3 13.Qxf3 Nc5 14.Rd1 Qc7 15.
Nxc5 Bxc5 16.h4 1/2-1/2

[Event "9th Vidmar Memorial"]
[Site "Bled/Rogaska Slatina YUG"]
[Date "1991.06.??"]
[Round "8"]
[White "Damljanovic, Branko"]
[Black "Kotronias, Vasilios"]
[Result "1/2-1/2"]
[WhiteElo "2560"]
[BlackElo "2520"]
[EventDate "1991.06.05"]
[PlyCount "97"]

1.Nf3 f5 2.g3 Nf6 3.Bg2 g6 4.b3 Bg7 5.Bb2 O-O 6.O-O c6 7.d4 Na6 8.c4 Rb8 
9.Nbd2 d6 10.a3 h6 11.Re1 g5 12.e4 fxe4 13.Nxe4 Nxe4 14.Rxe4 b5 15.Bc3 
bxc4 16.bxc4 Bf5 17.Re3 Qd7 18.Qa4 Nc7 19.Rae1 e6 20.h4 g4 21.Nd2 d5 22.
Nb3 dxc4 23.Nc5 Qd6 24.Qxc4 Kh8 25.Ne4 Qd5 26.Qf1 Qb5 27.Bb4 Qxf1+ 28.Bxf1
Bxd4 29.Bxf8 Rxf8 30.Nd6 Bxe3 31.Rxe3 Nd5 32.Rb3 Kg7 33.Rb7+ Kf6 34.Rxa7 
Rb8 35.Rb7 Ra8 36.Nc4 Ra4 37.Rb8 Be4 38.Rf8+ Kg7 39.Rc8 Ne7 40.Rc7 Kf6 41.
Rb7 Nd5 42.Rb3 Bc2 43.Rb8 Be4 44.Rf8+ Kg7 45.Rc8 Ne7 46.Re8 Kf6 47.Rf8+ 
Kg7 48.Re8 Kf6 49.Rf8+ 1/2-1/2

[Event "9th Vidmar Memorial"]
[Site "Bled/Rogaska Slatina YUG"]
[Date "1991.06.??"]
[Round "8"]
[White "Grosar, Aljosa"]
[Black "Kozul, Zdenko"]
[Result "0-1"]
[WhiteElo "2370"]
[BlackElo "2580"]
[EventDate "1991.06.05"]
[PlyCount "63"]

1.e4 c5 2.Nf3 d6 3.d4 cxd4 4.Nxd4 Nf6 5.Nc3 Nc6 6.Bg5 e6 7.Qd2 a6 8.O-O-O 
Bd7 9.f4 b5 10.Nxc6 Bxc6 11.Bd3 Be7 12.e5 dxe5 13.fxe5 Nd7 14.Bxe7 Qxe7 
15.Be4 Nxe5 16.Qf4 Bxe4 17.Qxe5 Bg6 18.Qxg7 Qf8 19.Qe5 Qh6+ 20.Kb1 O-O 21.
h4 Qg7 22.Qf4 Rac8 23.h5 Bf5 24.h6 Qg6 25.Rd2 Rc4 26.Qd6 b4 27.Qe7 Bxc2+ 
28.Ka1 Bd3 29.Ne2 Rfc8 30.b3 Qxh6 31.Rhd1 Qxd2 32.Qd8+ 0-1

[Event "9th Vidmar Memorial"]
[Site "Bled/Rogaska Slatina YUG"]
[Date "1991.06.??"]
[Round "8"]
[White "Hulak, Krunoslav"]
[Black "Gostisa, Leon"]
[Result "1/2-1/2"]
[WhiteElo "2520"]
[BlackElo "2440"]
[EventDate "1991.06.05"]
[PlyCount "80"]

1.d4 Nf6 2.Nf3 e6 3.g3 b6 4.Bg2 Bb7 5.O-O c5 6.c4 cxd4 7.Qxd4 d6 8.Nc3 a6 
9.Rd1 Nbd7 10.Ng5 Bxg2 11.Kxg2 Rc8 12.Nge4 Rc6 13.Bf4 Qa8 14.Kg1 Nxe4 15.
Qxe4 Nf6 16.Qf3 Qc8 17.Rac1 Be7 18.Na4 O-O 19.b4 Qa8 20.Bg5 h6 21.Be3 Nd7 
22.Bd4 Rfc8 23.Bb2 Bf6 24.Bxf6 Nxf6 25.Qf4 b5 26.Nb2 e5 27.Qf3 a5 28.Qa3 
bxc4 29.b5 Rc5 30.Rxd6 Rxb5 31.Nxc4 Ne4 32.Rdd1 Ng5 33.f3 Rbc5 34.Nb6 Rxc1
35.Rxc1 Rxc1+ 36.Qxc1 Qa7 37.Qe3 Ne6 38.Kf2 Nd4 39.Nc4 f6 40.f4 Qc5 {
Stohl,I} 1/2-1/2

[Event "9th Vidmar Memorial"]
[Site "Bled/Rogaska Slatina YUG"]
[Date "1991.06.??"]
[Round "8"]
[White "Vaganian, Rafael"]
[Black "Sokolov, Ivan"]
[Result "0-1"]
[WhiteElo "2585"]
[BlackElo "2570"]
[EventDate "1991.06.05"]
[PlyCount "78"]

1.c4 e5 2.Nc3 Nf6 3.Nf3 Nc6 4.g3 Bc5 5.d3 O-O 6.Bg2 d6 7.O-O h6 8.a3 a5 9.
e3 Bf5 10.b3 Qd7 11.Bb2 Bb6 12.d4 exd4 13.exd4 Bg4 14.Na4 Ba7 15.Qd2 Rfe8 
16.Rae1 d5 17.Rxe8+ Rxe8 18.Ne5 Ne4 19.Qe1 Nxe5 20.dxe5 Ng5 21.Qxa5 Bf3 
22.Qc3 Bxg2 23.Kxg2 dxc4 24.e6 Nxe6 25.Qf3 Ng5 26.Qd1 Qc6+ 27.f3 cxb3 28.
Nc3 Qe6 29.g4 Qc4 30.Re1 Rxe1 31.Qxe1 Bd4 32.h4 Ne6 33.Qe4 Qc5 34.Qe1 Qc4 
35.Qe4 Qc5 36.Qe1 Bxc3 37.Bxc3 Qxa3 38.Qd2 Qd6 39.Qb2 Nf4+ 0-1

[Event "9th Vidmar Memorial"]
[Site "Bled/Rogaska Slatina YUG"]
[Date "1991.06.??"]
[Round "9"]
[White "Gostisa, Leon"]
[Black "Damljanovic, Branko"]
[Result "1/2-1/2"]
[WhiteElo "2440"]
[BlackElo "2560"]
[EventDate "1991.06.05"]
[PlyCount "161"]

1.d4 Nf6 2.Nf3 g6 3.c3 Bg7 4.Bf4 d6 5.h3 O-O 6.Nbd2 b6 7.e3 Bb7 8.Be2 Nbd7
9.O-O Qe8 10.Bh2 e5 11.a4 a6 12.Qb3 Qe7 13.Qa3 Rfe8 14.Rfd1 exd4 15.cxd4 
Rac8 16.Rac1 a5 17.b4 d5 18.Qb2 axb4 19.Rxc7 Rxc7 20.Bxc7 Nc5 21.dxc5 Qxc7
22.cxb6 Qxb6 23.Nd4 Rb8 24.Bb5 Qd6 25.Rb1 Bf8 26.Rc1 h5 27.N4f3 Ne4 28.
Nxe4 dxe4 29.Nd4 Qe5 30.h4 Bc5 31.Rc4 Rd8 32.Kf1 Bxd4 33.Rxd4 Rxd4 34.exd4
Qh2 35.Qxb4 e3 36.fxe3 Bxg2+ 37.Ke1 Be4 38.Kd1 Qxh4 39.Be2 Qg3 40.Kd2 h4 
41.Qe7 Bc6 42.d5 Bxa4 43.d6 Qh3 44.Bc4 Qf5 45.Qxh4 Qc2+ 46.Ke1 Qd1+ 47.Kf2
Qd2+ 48.Kf1 Kg7 49.Qf4 f6 50.Kg1 g5 51.Qe4 Qxd6 52.Bd3 Bc6 53.Qh7+ Kf8 54.
Kf2 Be8 55.Qh8+ Ke7 56.Qh7+ Kd8 57.Qf5 Bc6 58.Qh7 Be8 59.Qe4 Bd7 60.Qa8+ 
Ke7 61.Qe4+ Kf8 62.Qh7 Be8 63.Qh8+ Ke7 64.Qh7+ Kd8 65.Be2 Qb4 66.Qh8 Ke7 
67.Qh7+ Bf7 68.Qh6 Qe4 69.Qh3 Be6 70.Qg3 Kf7 71.Qf3 Qb4 72.Bd3 Qd2+ 73.Qe2
Qc3 74.Qh5+ Ke7 75.Qh7+ Kd6 76.Qh2+ Kc6 77.Be2 Bd5 78.Qb8 Qe5 79.Qxe5 fxe5
80.Bg4 Kc5 81.Kg3 1/2-1/2